[Event "Nuremberg LGA Cup 4th"]
[Site "Nuremberg"]
[Date "2007.09.06"]
[Round "1"]
[White "Justen, Detlef"]
[Black "Karich, Oliver"]
[Result "1-0"]
[WhiteElo "2135"]
[BlackElo "1650"]
[PlyCount "67"]
[EventDate "2007.09.06"]
[EventType "swiss"]
[EventRounds "7"]
[EventCountry "GER"]
[SourceTitle "CBM 120 Extra"]
[Source "ChessBase"]
[SourceDate "2007.11.01"]
[SourceVersion "1"]
[SourceVersionDate "2007.11.01"]
[SourceQuality "1"]

1. d4 d5 2. Nf3 Nf6 3. e3 e6 4. Bd3 c5 5. b3 Nc6 6. Nbd2 Be7 7. 0-0 0-0 8. dxc5 Bxc5 9. Bb2 Bd6 10. e4 dxe4 11. Nxe4 Be7 12. Qe2 Nb4 13. Rad1 Nbd5 14. g3 Bd7 15. c4 Nb4 16. Bb1 Nc6 17. Nxf6+ Bxf6 18. Bxf6 Qxf6 19. Rxd7 Rab8 20. Rfd1 h6 21. Be4 Rfd8 22. Bxc6 bxc6 23. Ne5 Rbc8 24. Rxd8+ Rxd8 25. Rxd8+ Qxd8 26. Nxc6 Qd7 27. Ne5 Qd4 28. Nf3 Qf6 29. Kg2 Qf5 30. Qe5 Qb1 31. Qb8+ Kh7 32. Qxa7 Qf5 33. Qe3 f6 34. Nd4 1-0